000 00420nam a2200145Ia 4500
008 220216s9999 xx 000 0 und d
100 _aHenning Steven K
245 0 _aMultifunctional acrylates as antireversion agents in sulfur cured systems
260 _bRubber World
_c2006
300 _a28-35,81
650 _aAntireversion agents
650 _aMUltifunctional acrylates
700 _aShapot Scott A
942 _cJS
999 _c63337
_d63337